00467nam a22001457a 450000500170000000800410001704000190005804100120007708200160008924500830010526000710018830000200025965000320027985000100031120141129102346.0141129b xxu||||| |||| 00| 0 eng d aLoreto College aEnglish a551.49bIND aRashtriya Barh AyogbReportcMinistry of Energy and Irrigation, Govt. of India aNew DelhibMinistry of Energy and Irrigation, Govt. of Indiac1980 aii, 202p.b25p. aGeomorphology- Flood Report aLCLIB